000 00628nam a2200181Ia 4500
008 090124s9999 xx 000 0 und d
082 _b7173
_a1563
100 _aदेव शंकर श्री.
245 _a श्री समर्थ चरित्र खंड 1 ला
250 _a1
260 _c1949
300 _a532
600 _aदेव शंकर श्री.
630 _a श्री समर्थ चरित्र खंड 1 ला
700 _aदेव शंकर श्री.
730 _a श्री समर्थ चरित्र खंड 1 ला
942 _cBOOK
999 _c121114
_d121114